LEADER 01058nam a2200277 u 4500 001 000000118456 003 CaOOAMICUS 005 20091130145509.0 008 091130t2008 it u000 u ita u 020 $a978-88-420-6888-4 040 $aPUL$bita$dReb 100 1 $aGivone, Sergio,$d1944-$0(OLS)http://pul/name/50567 245 10$aStoria del nulla /$cSergio Givone. 250 $a3 ed. 260 $aRoma :$bLaterza,$c©2008. 300 $axxiii, 229 p. ;$c21 cm 490 1 $aEconomica Laterza ;$v282 650 4$aOntologia.$0(OLS)http://pul/subject/4424 650 4$aMetafisica.$0(OLS)http://pul/subject/433 830 0$aEconomica Laterza ;$v282.$0(OLS)http://pul/title/39309 850 $aPUL 852 $aPUL$W1$xSL Filosofia 3$y81$m111. 5 GIVSE 1$j135896$qDDC 21$B134887$CPULBib$Z2$F134887 $H111814 $82 941 1 $a9 996 $6020$a978-88-420-6888-4$9(OLS)http://pul/number/142588 996 $6245$aStoria del nulla$9(OLS)http://pul/title/149076 996 $6260$aRoma :$bLaterza$9(OLS)http://pul/publisher/47864 LEADER 01287nam a2200277 a 4500 001 000000124687 003 CaOOAMICUS 005 20110310182910.0 008 110310s2010 it u000 u ita r 040 $aPUL$bita 082 04$a945.08 245 00$aNel nome dell'Italia :$bil Risorgimento nelle testimonianze, nei documenti e nelle immagini /$ca cura di Alberto Mario Banti ; con la collaborazione di Pietro Finelli... [et al.]. 260 $aRoma ;$aBari :$bLaterza,$c2010. 300 $axvii, 424 p. ;$c21 cm 490 1 $aStoria e societą 504 $aBibliografia in nota. 651 4$aItalia$xStoria$ySec. XVIII-XIX.$0(OLS)http://pul/subject/5364 700 1 $aBanti, Alberto Mario,$d1957-$0(OLS)http://pul/name/62706 830 0$aStoria e societą (Laterza).$0(OLS)http://pul/title/761 850 $aPUL 852 $aPUL$W1$xSL Cons. Gen., Altre Classi 3$y75$m945. 08 BANAL 1$j143573$qDDC 21$B142612$CPULBib$Z2$F142612 $H115923 $82 941 1 $a9 996 $6082$a945.08$9(OLS)http://pul/classification/1911 996 $6245$aNel nome dell'Italia :$bil Risorgimento nelle testimonianze, nei documenti e nelle immagini$9(OLS)http://pul/title/157168 996 $6260$aRoma ;$aBari :$bLaterza$9(OLS)http://pul/publisher/57682